Regional economic gap (Record no. 73123)

MARC details
000 -LEADER
fixed length control field 01220cam a2200241 4500
001 - CONTROL NUMBER
control field WB3929-05
008 - FIXED-LENGTH DATA ELEMENTS--GENERAL INFORMATION
fixed length control field 030729n2003 000 0 eng u
035 ## - SYSTEM CONTROL NUMBER
System control number (Sirsi) u123139
245 ## - TITLE STATEMENT
Title Regional economic gap
260 ## - PUBLICATION, DISTRIBUTION, ETC.
Date of publication, distribution, etc. 2003
490 ## - SERIES STATEMENT
Series statement Regeneration and Renewal
Volume/sequential designation 25 July 2003, 12(1)
520 ## - SUMMARY, ETC.
Summary, etc. Report by Robert Huggins Associates shows that the economic gap between the UK regions has increased over the last decade. Illustrates that the areas with the best prospects are London and the southeast of England which are ahead with increases of between seven and 18% GDP per capia between 1990 and 2000. Other regions of the UK have fared less well especially in the northeast which has experienced a fall of 5% GDP followed by Yorkshire and Humberside, the east Midlands, the southwest of England and Northern Ireland. For a summary of the report and detail of its purchase: http://www.hugginsassociates.com/product_info.php/cPath/23/products_id/41.
590 ## - LOCAL NOTE (RLIN)
Local note WB
650 ## - SUBJECT ADDED ENTRY--TOPICAL TERM
Topical term or geographic name entry element ECONOMIC DEVELOPMENT
650 ## - SUBJECT ADDED ENTRY--TOPICAL TERM
Topical term or geographic name entry element GDP
650 ## - SUBJECT ADDED ENTRY--TOPICAL TERM
Topical term or geographic name entry element LONDON
650 ## - SUBJECT ADDED ENTRY--TOPICAL TERM
Topical term or geographic name entry element SOUTHEAST ENGLAND
650 ## - SUBJECT ADDED ENTRY--TOPICAL TERM
Topical term or geographic name entry element YORKSHIRE
650 ## - SUBJECT ADDED ENTRY--TOPICAL TERM
Topical term or geographic name entry element HUMBERSIDE
650 ## - SUBJECT ADDED ENTRY--TOPICAL TERM
Topical term or geographic name entry element EAST MIDLANDS
690 ## - LOCAL SUBJECT ADDED ENTRY--TOPICAL TERM (OCLC, RLIN)
Topical term or geographic name as entry element ECONOMIC ISSUES
942 ## - ADDED ENTRY ELEMENTS (KOHA)
Suppress in OPAC 0
Holdings
Withdrawn status Lost status Source of classification or shelving scheme Damaged status Not for loan Home library Current library Shelving location Date acquired Total Checkouts Full call number Barcode Date last seen Copy number Price effective from Koha item type
    Dewey Decimal Classification     London London News article 29/07/2003   WB3929-05 123139-1001 06/08/2019 1 06/08/2019 News article